000 00372nam a22001457a 4500
020 _a9788178081755
040 _cNUST
082 _a620.104 HIB
100 _aHibbeler, R. C
245 _aEngineering Mechanics Dynamics
250 _aSi Edition
260 _aNew Delhi:
_bPearson Education,
_c2000.
650 _aEngineering Mechanics Dynamics
_93079
942 _2ddc
_cBK
999 _c595375
_d595375